101 Years of Digised Archives 1914 to 2014 (Record no. 75688)

MARC details
000 -LEADER
fixed length control field 00351nam a2200133Ia 4500
008 - FIXED-LENGTH DATA ELEMENTS--GENERAL INFORMATION
fixed length control field 221007s9999 xx 000 0 und d
041 ## - LANGUAGE CODE
Language code of text/sound track or separate title eng
082 ## - DEWEY DECIMAL CLASSIFICATION NUMBER
Item number VED
100 ## - MAIN ENTRY--PERSONAL NAME
Personal name Vedanta Kesari Presentation
9 (RLIN) 103988
245 ## - TITLE STATEMENT
Title 101 Years of Digised Archives 1914 to 2014
260 ## - PUBLICATION, DISTRIBUTION, ETC. (IMPRINT)
Date of publication, distribution, etc. 2016
Name of publisher, distributor, etc. Ramakrishna Math
Place of publication, distribution, etc. Chennai
300 ## - PHYSICAL DESCRIPTION
Extent DVD
906 ## - LOCAL DATA ELEMENT F, LDF (RLIN)
b General
Holdings
Withdrawn status Lost status Damaged status Not for loan Home library Current library Date acquired Vendor Cost, normal purchase price Bill number Total Checkouts Full call number Barcode Date last seen Cost, replacement price Bill Date Koha item type Original Barcode
        Smt. Hiraben Nanavati Institute of Management & Research for Women Smt. Hiraben Nanavati Institute of Management & Research for Women 14/09/2016 Ramakrishna Math 316.00 CMG/5805   VED HIMR-AV-2188 07/10/2022 316.00 08/09/2016 Video Casset AV2188